000 01265nam a22002777a 4500
003 PE SENCICO BE
005 20251020182640.0
008 230712b |||||||| |||| 00| 0 eng d
040 _aPE SENCICO BE
_cPE SENCICO BE
041 _aspa
084 _aI
_aTOP
_a2017
_bD68
100 1 _91240
_aDiaz Tristan, Sandra Aurelia
_eautor
245 1 _aLevantamiento y controles topográficos para el planeamiento diseño y construcción de líneas de transmisión de energía eléctrica, con equipos GPS y estaciones totales /
_cSandra Aurelia Diaz Tristan
260 _aLima :
_c2017
300 _a95 h. :
_bil. col., diagrs., planos ;
_c29 cm.
502 _aMonografía de Titulación.-- Servicio Nacional de Capacitación para la Industria de la Construcción. Escuela Superior Técnica. Carrera Profesional Técnica en Topografía y Geodesía, 2017.
504 _aBibliografía: h. 84.
650 1 4 _94
_aTopografía
650 2 4 _9116
_aLevantamiento topográfico
650 2 4 _91105
_aDistribución de energía eléctrica
650 2 4 _9401
_aSistemas de energía eléctrica
650 2 4 _9911
_aGPS
710 1 _aServicio Nacional de Capacitación para la Industria de la Construcción.
_bEscuela Superior Técnica
_91065
910 _bhfp
_chfp
942 _cMON
999 _c4248
_d4248